| 000 | 00978cam a2200289 i 4500 | ||
|---|---|---|---|
| 001 | bg | ||
| 003 | KOSZ 005 | ||
| 005 | 20240410062859.0 | ||
| 008 | 070309s2007 pl a e f |001 0dpol | ||
| 015 | _aPB 6271/2007 | ||
| 020 | _a8324002189 | ||
| 040 |
_cKOSZ 005/HR _aWA N _dKOSZ 005/HR |
||
| 080 | _a316 | ||
| 080 | _a(075.8) | ||
| 100 | 1 |
_aSztompka, Piotr _d(1944- ) _eAutor |
|
| 240 | 1 | 0 |
_aSocjologia _l(pol.) |
| 245 | 1 | 0 |
_aSocjologia : _banaliza społeczeństwa / _cPiotr Sztompka. |
| 250 | _aWyd. 1, dodr. | ||
| 260 |
_aKraków : _bSpołeczny Instytut Wydawniczy Znak, _c2007. |
||
| 300 |
_a653, [3] s., [32] s. tabl. kolor. : _bil. ; _c25 cm. |
||
| 504 | _aBibliogr. s. 633-637. Indeksy. | ||
| 655 | _aPodręczniki akademickie | ||
| 650 | 4 | _aSocjologia | |
| 710 | 2 |
_aSpołeczny Instytut Wydawniczy Znak _4pbl. |
|
| 856 |
_uhttp://koha.tu.koszalin.pl/cgi-bin/koha/opac-detail.pl?biblionumber=55314 _yKatalog online BPK |
||
| 942 |
_cKS _2UKD |
||
| 999 |
_c55314 _d55314 |
||